Responses for Show #3907 - Tuesday, September 4, 2001

Contestants

[<< previous game]

Bernard Pena, a towboat captain from Marrero, Louisiana

Carrie Pfeiffer, a high school history and government teacher from Columbia, Tennessee

Anne Reynolds, a lawyer from Toronto, Ontario (whose 1-day cash winnings total $400)

[next game >>]

Jeopardy! Round responses

VIVA ANN-MARGRET!
MORE POWER TO YOU
(Alex: We want you to name the state whose geographic center we'll give you with...)
SMACK DAB IN THE MIDDLE
FUN WITH OPERA
READING
WORDS TO THE "Y"s
(Alex: Each correct response will end with that letter of the alphabet.)
    $100 26
Bye Bye Birdie

Anne
    $100 21
a meter reader

Carrie
    $100 8
Colorado

Bernard
    $100 1
the Charleston

Bernard
    $100 2
consonants

Carrie
    $100 16
a patsy

Bernard
    $200 27
John F. Kennedy

Carrie
    $200 22
a nuclear power plant

Carrie
    $200 9
Delaware

Carrie
    $200 4
The Scarlet Letter

Anne
    $200 3
phonics

Anne
    $200 17
a kidney

Carrie
    $300 28
Tommy

Anne
    $300 23
deregulation

Bernard
    $300 10
Arizona

Carrie
    $300 5
Milan

Anne
    $300 13
words per minute

Anne
    $300 18
poultry

Bernard
    $400 29
The Best Little Whorehouse in Texas

Carrie
    $500 24
(Bernard: Uh, what is Con Edison?)
...
(Alex: Minute to go, Bernard.)

TVA (the Tennessee Valley Authority)

Bernard
    $400 11
Iowa

Bernard
    $400 6
Hansel & Gretel

Anne
    $400 14
dyslexia

Anne
    $400 19
a getaway

Carrie
    $500 30
(Alex: She married the actor [*].)

Roger Smith

Triple Stumper
    $500 25
a transformer

Bernard
    $500 12
Michigan

Anne
    $500 7
Falstaff

Bernard
    $500 15
Evelyn Wood

Triple Stumper
    $500 20
bureaucracy

Bernard

Scores at the first commercial break (after clue 15):

Anne Carrie Bernard
$2,300 $600 $1,100

Scores at the end of the Jeopardy! Round:

Anne Carrie Bernard
$2,700 $2,100 $2,300

Double Jeopardy! Round responses

MARK TWAIN SEZ
IN A FESTIVAL MOOD
INITIALS M.D.
WON THE BATTLE
IN THE TREASURY DEPT.
DOUBLE-O WORDS
    $200 1
the weather

Anne
    $200 3
Folk Music

Carrie
    $200 23
Matt Damon

Bernard
    $200 18
Lake Erie

Bernard
    $200 13
the Secret Service

Bernard
    $200 8
carpooling

Bernard
    $400 2
(Anne: What's rain?)

the lightning

Anne
Triple Stumper
    $400 4
the Sundance Film Festival

Triple Stumper
    $400 24
(Alex: Minute to go now.)

Matt Drudge

Bernard
    $400 19
the Battle of the Bulge

Triple Stumper
    $400 14
the ATF (Alcohol, Tobacco & Firearms)

Bernard
    $400 9
a broom

Triple Stumper
    $600 5
rice

Anne
    $600 25
Minnie Driver

Carrie
    $600 20
the Persians

Bernard
    $600 15
Customs

Carrie
    $600 10
bloopers

Bernard
    $800 6
Mozart

Anne
    $800 26
Matt Dillon

Triple Stumper
    $800 21
(Alex: "Once more into the breach" with [*].)

Henry V

Triple Stumper
    $800 16
the IRS

Bernard
    $800 11
an offshoot

Triple Stumper
    $1000 28
(Carrie: What is English?)
(Bernard: What is French?)
[The end-of-round signal sounds.]

German

CarrieBernard
Triple Stumper
    $1000 7
a dragon boat

Anne
    $800 27
(Carrie: I have no idea.)

Marlene Dietrich

Carrie
    $1000 22
(Bernard: Who is, uh, Sam Houston?)

(Zachary) Taylor

CarrieBernard
    $1000 17
(Carrie: What is the U.S. Mint?)
(Bernard: What is the... Printing Department?)
(Alex: Mmmmmm... no!)

the Bureau of Engraving & Printing

CarrieBernard
Triple Stumper
    $1000 12
a bandicoot

Triple Stumper

Scores at the end of the Double Jeopardy! Round:

Anne Carrie Bernard
$4,900 $1,700 $2,900

[wagering suggestions for these scores]

Final Jeopardy! Round responses

NATIONAL ANTHEMS
(Alex: Yes, the two rivers are the Tigris and the Euphrates, so Ancient Mesopotamia, well done! You had to be either in Asia or the Middle East on that one.)
...
(Alex: [To Bernard] No towboat work tomorrow, you have to be back here!)
CarrieWhat is Iraq
$700
BernardWhat is IRAQ?
$1,200
AnneWhat is ?
$1,000
Iraq

Final scores:

Anne Carrie Bernard
$3,900 $2,400 $4,100
2nd place: Trip to Puerto Vallarta, Mexico 3rd place: Borders Gift Card New champion: $4,100

Game dynamics:

Coryat scores:

Anne Carrie Bernard
$4,900 $2,500 $3,400
13 R,
1 W
13 R,
3 W
(including 1 DD)
18 R,
4 W
(including 1 DD)

Combined Coryat: $10,800

[game clues] [game scores] [suggest correction]

Game tape date: 2001-04-23
The J! Archive is created by fans, for fans. Scraping, republication, monetization, and malicious use prohibited; this site may use cookies and collect identifying information. See terms. The Jeopardy! game show and all elements thereof, including but not limited to copyright and trademark thereto, are the property of Jeopardy Productions, Inc. and are protected under law. This website is not affiliated with, sponsored by, or operated by Jeopardy Productions, Inc. Join the discussion at JBoard.tv.